000
00259nam a2200109Ia 4500
005
20251222175919.0
008
251222s9999||||xx |||||||||||||| ||spa||
020
_a
8431508817
082
_a
657.037/V39
245
0
_a
Curso Completo de Contabilidad
942
_c
LIB
999
_c
40612
_d
40612